Speech of Hon. George W. Julian, of Indiana, on the slavery question : delivered in the House of Representatives, May 14, 1850.

Bibliographic Details
Main Author: Julian, George Washington, 1817-1899 (Author)
Format: eBook
Language:English
Published: Washington : Printed at the Congressional Globe Office, 1850.
Series:Slavery in America and the world: history, culture & law.
Subjects:
Online Access:Connect to the full text of this electronic book

MARC

Tag First Indicator Second Indicator Subfields
LEADER 00000cam a2200000 i 4500
001 in00004408917
005 20210123193909.0
006 m fo d
007 cr bn nnnauuuu
008 181015s1850 dcu o 000 0 eng d
035 |a ccn00858727 
040 |a NjRocCCS  |b eng  |e rda  |c NjRocCCS 
043 |a n-us--- 
050 4 |a E423  |b .J85 1850 
100 1 |a Julian, George Washington,  |d 1817-1899,  |e author. 
245 1 0 |a Speech of Hon. George W. Julian, of Indiana, on the slavery question :  |b delivered in the House of Representatives, May 14, 1850. 
246 3 |a Speech of Honorable George W. Julian, of Indiana, on the slavery question 
246 1 6 |a Slavery question 
264 1 |a Washington :  |b Printed at the Congressional Globe Office,  |c 1850. 
264 2 |a [Getzville, New York] :  |b William S. Hein and Company,  |c [2018] 
300 |a 1 online resource (15 pages). 
336 |a text  |b txt  |2 rdacontent 
337 |a computer  |b c  |2 rdamedia 
338 |a online resource  |b cr  |2 rdacarrier 
490 1 |a HeinOnline slavery in America and the world: history, culture & law 
588 |a Description based on PDF title page, viewed October 15, 2018. 
500 |a Printed in double columns. 
650 0 |a Slavery  |z United States  |v Speeches in Congress. 
655 7 |a Electronic books.  |2 local 
776 0 8 |c Original  |w (DLC) 17028697 
830 0 |a Slavery in America and the world: history, culture & law. 
856 4 0 |u http://proxy.library.tamu.edu/login?url=https://www.heinonline.org/HOL/Page?handle=hein.slavery/shgwjind0001&id=1&size=2&collection=slavery&index=slavery  |z Connect to the full text of this electronic book  |t 0 
949 |a E 423 .J85 1850  |w LC  |c 1  |i 858727-1001  |d 10/16/2018  |l MAIN  |m HEN  |q 1  |r Y  |s Y  |t WEB  |u 10/15/2018  |x ENG  |z N-US 
999 f f |s b71b03cf-d164-3093-8bad-c2d731256349  |i 5cd8f6d4-c2dd-39fa-b01f-422053e9953d  |t 0 
952 f f |a Texas A&M University  |b College Station  |c Electronic Resources  |d Available Online  |t 0  |e E423 .J85 1850  |h Library of Congress classification 
998 f f |a E423 .J85 1850  |t 0  |l Available Online